Yiğit Adana'nın kahraman anası kılavuz Hatice (Record no. 1274)

MARC details
000 -BAŞLIK
Sabit Uzunlukta Kontrol Alanı 00798na a2200253 4500
001 - KONTROL NUMARASI
Denetim Alanı 14003
003 - KONTROL NUMARASI IDENTIFIER
Denetim Alanı MIRAKIL
005 - SON İŞLEM TARİHİ VE ZAMANI
Denetim Alanı 20181213154817.0
008 - SABİT-BOY VERİ ELEMANLARI - GENEL BİLGİLER
Sabit Uzunlukta Kontrol Alanı 160823b tu 000 0
020 ## - ULUSLARARASI STANDART KİTAP NUMARASI
Uluslararası Standart Kitap Numarası 9786055493240
040 ## - KATALOGLAMA KAYNAK
Orijinal Kataloglama Ajansı Milas
Kataloglama Dili tur
Metne Dönüştürmek Ajansı TR-AnCHP
082 ## - DEWEY ONLU SINIFLANDIRMA NUMARASI
Sınıflandırma Numarası 741.5
Ürün Numarası M25y
090 ## - SINIFLAMA NUMARASI
Sınıflama Numarası 741.5 M25y [t.y.]
100 ## - ANA GİRİŞ - KİŞİSEL İSİM
Kişisel Ad Manun, Şeref
245 ## - BAŞLIK TABLOSU
Başlık Yiğit Adana'nın kahraman anası kılavuz Hatice
Başlığın Kalan Toros kartalı
Sorumluluk Tablosu, Vb senaryo: Suat Turgut ; çizen: Şeref Manun ; yayına hazırlayan:Suat Yılmaz
246 ## - UNVAN FORM VARYING
Başlık Doğru / Kısa Başlığı Toros kartalı
260 ## - YAYIN, DAĞITIM, VB
Yayın, Dağıtım, Vb Yeri İstanbul
Yayıncı, Dağıtıcı, Vs Adı 2023 Yayıncılık
Yayın, Dağıtım, Vb Tarihi [t. y.]
300 ## - FİZİKSEL TANIM
Kapsam 32 s.
Diğer Fiziksel Ayrıntıları rnk. res.
Boyutlar 24 sm.
490 ## - SERİSİ TABLOSU
Seri Beyanı Kurtuluş Savaşı kadın kahramanlar
Hacim / Ardışık Tanımı 4
650 ## - KONU KATMA GİRİŞ - TOPİKAL DÖNEM
Topikal Süreli Veya Coğrafi Ad Giriş Elemanı Çizgi Roman
Genel Alt Bölümü Türk
700 ## - KATMA GİRİŞ - KİŞİSEL İSİM
Kişisel Ad Yılmaz, Suat
700 ## - KATMA GİRİŞ - KİŞİSEL İSİM
Kişisel Ad Turgut, Suat
942 ## - EKLENDİ GİRİŞ ELEMANLARI (KOHA)
Sınıflandırma Veya Raf Düzeni Kaynak
Koha Öğesi Türü Books
999 ## - SİSTEM KONTROL NUMARALARI (KOHA)
Koha Biblionumber 1274
Koha Biblioitemnumber 1274
Holdings
Kalıcı Konum Mevcut Konum Edinme Tarihi Edinim Kaynak Toplam Check-Out'Lar Tam Çağrı Numarası Barkod Tarih Son Görülme İtibaren Geçerli Fiyatlar Koha Öğesi Türü
CHP Kütüphanesi CHP Kütüphanesi 08/23/2016 Bağış   741.5 M25y [t.y.] 001383 08/23/2016 08/23/2016 Books